苏轼生平所经地级行政区 Su shi's life - Statistics

General Stats
  • This quiz has been taken 86 times
  • The average score is 55 of 100
Answer Stats
首到年份 地市 驻留时间 % Correct
1056 开封 1084-89 92-93
94%
1055 成都
90%
1056 洛阳
89%
1066 南京
87%
1066 武汉
86%
1094 广州
86%
1071 苏州
84%
1037 眉山 出生-1056 57-59
81%
1056 西安
81%
1071 杭州 1071-74 89-91
80%
1056 郑州
79%
1059 重庆
79%
1066 黄冈 1080-84
79%
1097 儋州 1097-1100
77%
1071 常州 1101去世于此
76%
1097 海口
76%
1066 扬州
74%
1066 黄石
73%
1077 徐州 1077-79
73%
1056 汉中
71%
1071 无锡
71%
1094 惠州 1094-97
71%
1084 南昌
69%
1056 咸阳
66%
1059 荆州
66%
1066 镇江
66%
1076 济南
66%
1097 湛江
64%
1056 绵阳
63%
1060 南阳
63%
1066 鄂州
63%
1056 德阳
61%
1056 广元
60%
1066 芜湖
60%
1072 湖州 1079
60%
1066 马鞍山
59%
1071 嘉兴
59%
1094 佛山
59%
1056 三门峡
57%
1059 乐山
57%
1059 宜昌
57%
1059 宜宾
56%
1093 安阳
56%
1066 安庆
54%
1056 渭南
53%
1060 荆门
53%
1060 襄阳
53%
1066 淮安
53%
1080 信阳
53%
1094 赣州
53%
1066 九江
51%
1094 东莞
51%
1056 宝鸡 1061-64
50%
1059 泸州
50%
1066 池州
50%
1067 岳阳
50%
1074 连云港
50%
1076 济宁
50%
1059 恩施
49%
1060 许昌
49%
1076 菏泽
49%
1077 濮阳
49%
1094 韶关
49%
1066 商丘
47%
1074 潍坊 1074-76
47%
1076 泰安
47%
1079 滁州
47%
1093 邯郸
47%
1094 清远
47%
1060 平顶山 葬于此
46%
1071 周口
46%
1080 驻马店
46%
1093 鹤壁
44%
1097 肇庆
44%
1066 咸宁
43%
1093 保定 1093-94
43%
1056 雅安
41%
1076 淄博
41%
1076 聊城
41%
1066 宿州
40%
1071 淮南
40%
1093 新乡
40%
1093 邢台
40%
1094 吉安
40%
1071 蚌埠
39%
1066 淮北
37%
1066 铜陵
37%
1071 阜阳
37%
1093 石家庄
37%
1097 云浮
37%
1097 澄迈
36%
1074 日照
34%
1084 宜春
33%
1097 梧州
31%
1084 烟台
30%
1097 玉林
30%
1097 临高
30%
1056 陇南
23%
1100 北海
23%
1097 贵港
21%
No matching quizzes found
Score Distribution
Percent of People with Each Score
Percentile by Number Answered
Your Score History
You have not taken this quiz